=LDR 00000nam 2200000 4500 =001 000991 =005 20250712022321 =035 ##$$a 0010-0725000870 =007 ta =008 250712################a##########0#ind## =020 ##$$a 978-623-437-774-8 =082 ##$$a 398.209 598 =084 ##$$a 398.209 598 SRI b =100 #$$a Sri sarastuti =245 1#$$a Berani katakan /$c Sri sarasturi =250 ##$$a Cetakan kedua =260 ##$$a Rawamangun :$b Badan pengembangan dan pembinaan bahasa,$c 2023 =300 ##$$a 24hlm. : $b Ilus. ; $c 29,7x21cm =650 #4$$a Cerita anak-indonesia